000 01098nam a2200253Ia 4500
003 OSt
005 20221005111710.0
006 a|||||r|||| 00| 0
007 ta
008 221004b |||||||| |||| 00| 0 hin d
020 _a9788190667951 (hbk)
_c450
024 _a103315
037 _b462, 12/02/2010, Eastern Book Linkers
_cTextual
040 _aCRL
_cCRL
_bhin
041 _2hin
_ahin
082 _aO15v237, 152P8
100 _aशर्मा, दिवाकर
245 0 _aराजस्थान के संस्कृत साहित्य - सृजन में बीकानेर - क्षेत्र का योगदान
_b 1472 - 1965 ई.
246 _aRājasthān ke sanskṛut sāhitya - sṛujan mean bīkāner - kṣhetra kā yogadāna: 1472 - 1965 ī.
260 _aबीकानेर
_bकलासन प्रकाशन भारत
_c2008
300 _a138पृ0
_ccm.
942 _hO15v237, 152P8
_cTEXL
_2cc
999 _c1022628
_d1022628